Statistics for Capitals of Europe Map Quiz

Click here to take the quiz!

General Stats

  • This quiz has been taken 19 times
    (11 since last reset)
  • The average score is 22 of 45

Answers on the Map

Answers color-coded by a green-red scale on the quiz's map according to % correct below.
 

Answer Stats

Answer% Correct
Andorra la Vella
75%
Berlin
75%
Dublin
75%
Lisbon
75%
London
75%
Paris
75%
Amsterdam
63%
Athens
63%
Brussels
63%
Kiev
63%
Madrid
63%
Monaco
63%
Moscow
63%
Oslo
63%
Reykjavik
63%
Rome
63%
Vienna
63%
Zagreb
63%
Budapest
50%
Copenhagen
50%
Helsinki
50%
ljubljana
50%
Luxembourg
50%
San Marino
50%
Stockholm
50%
Warsaw
50%
Belgrade
38%
Bern
38%
Minsk
38%
Prague
38%
Pristina
38%
Riga
38%
Sofia
38%
Tallin
38%
Vatican City
38%
Vilnius
38%
Bratislava
25%
Bucharest
25%
Chisinau
25%
Podgorica
25%
Sarajevo
25%
Skopje
25%
Tirana
25%
Vaduz
25%
Valetta
13%

Score Distribution

Percentile by Number Answered

Percent of People with Each Score

Your Score History

You have not taken this quiz since the last reset